Statistiken für Welthauptstädte mit einem einzigen Hinweis #1

Klicken Sie hier um das Quiz zu spielen!

Allgemein

  • Dieses Quiz wurde 1,460 mal gespielt
  • Das Durchschnittsergebnis liegt bei 10 aus 20

Antwortstatistiken

Land Hinweis Stadt % Korrekt
ItalienVielleicht werfen Sie eine Münze in den Trevi-Brunnen dieser StadtRom
91%
PortugalEuropäische Hauptstadt, welche am weitesten von Moskau entfernt istLissabon
88%
UngarnEntstanden durch die Vereinigung von Pest, Óbuda, und Buda in 1873Budapest
79%
Vereinigtes KönigreichBevölkerungsreichste Stadt der Welt im Jahre 1900London
77%
TschechienIn Böhmen gelegenPrag
73%
NeuseelandDie Hauptstadt wurde im Jahre 1865 von Auckland hierher verlegtWellington
68%
PolenAm Fluss Weichsel (auch Wisła genannt) gelegenWarschau
63%
EcuadorSüdamerikanische Hauptstadt, die dem Äquator am nächsten liegtQuito
57%
MexikoGebaut auf den Ruinen von TenochtitlanMexiko-Stadt
50%
JapanWurde bis 1868 Edo genanntTokio
49%
AserbaidschanAm Kaspischen MeerBaku
47%
VietnamDie USA bombardierten diese Stadt im Jahre 1972Hanoi
46%
UkraineAm Fluss Dnepr gelegenKiew
43%
TaiwanEtwa 500 Meilen von Hong Kong und Shanghai entferntTaipeh
36%
NigeriaDie Hauptstadt zog 1991 aus Lagos hierherAbuja
31%
Burkina FasoAfrikanische Hauptstadt mit 8 Vokalen und nur 3 KonsonantenOuagadougou
24%
Dominikanische RepublikDie bevölkerungsreichste Metropolregion der KaribikSanto Domingo
22%
SüdafrikaSüdafrikas gerichtliche HauptstadtBloemfontein
19%
GuyanaWurde 1812 zu Ehren des britischen Königs umbenanntGeorgetown
17%
BhutanAsiens höchsteThimphu
16%

Verteilung der Resultate

Perzentil nach korrekt beantworteten Fragen

Anzahl Personen mit jedem Resultat

Ihre Resultats-Entwicklung

Sie haben dieses Quiz noch nicht gespielt